BAND-MAID Songs Quiz - Statistics

General Stats
  • This quiz has been taken 241 times
    33 since last reset
  • The average score is 48 of 94
Answer Stats
Answer % Correct
DOMINATION
85%
Thrill
85%
Choose me
80%
DICE
75%
Warning!
75%
After Life
70%
Blooming
70%
FATE
70%
Manners
70%
Puzzle
70%
Black Hole
65%
Bubble
65%
Daydreaming
65%
FREEDOM
65%
Giovanni
65%
Play
65%
TIME
65%
alone
60%
Chemical Reaction
60%
Different
60%
Don't you tell ME
60%
FORWARD
60%
glory
60%
I can't live without you.
60%
Moratorium
60%
PAGE
60%
Rock in Me
60%
Sayonakidori
60%
Sense
60%
Why Why Why
60%
Wonderland
60%
YOLO
60%
you.
60%
anemone
55%
Be OK
55%
Catharsis
55%
CROSS
55%
Mirage
55%
No God
55%
REAL EXISTENCE
55%
Reincarnation
55%
At the drop of a hat
50%
Awkward
50%
azure
50%
Beauty and the Beast
50%
CLANG
50%
Dilemma
50%
endless Story
50%
Hibana
50%
honey
50%
Knockin' on your Heart
50%
secret My lips
50%
Spirit!!
50%
start over
50%
Turn me on
50%
About Us
45%
Alive-or-Dead
45%
Carry on living
45%
Corallium
45%
FREEZER
45%
H-G-K
45%
Honkai
45%
I Still Seek Revenge.
45%
matchless GUM
45%
Screaming
45%
Shake That
45%
Smile
45%
The Dragon Cries
45%
the non-fiction days
45%
YURAGU
45%
Big Dad
40%
Brand-New Road
40%
Don't Let Me Down
40%
EverGreen
40%
hide-and-seek
40%
Liberal
40%
One and Only
40%
OOPARTS
40%
ORDER
40%
Price of Pride
40%
Summer Drive
40%
Arcadia Girl
35%
Bye My Tears
35%
decided by myself
35%
flying high
35%
KEY
35%
LOOK AT ME
35%
Love, Passion, Matador
35%
So,What?
35%
Unfair Game
35%
Before Yesterday
30%
Take me higher
30%
Before Dawn
20%
Don't Apply the Brake
20%
No matching quizzes found
Score Distribution
Percent of People with Each Score
Percentile by Number Answered
Your Score History
You have not taken this quiz since the last reset